Zbierka úloh z vyššej matematiky. 2. časť

Gespeichert in:
Bibliographische Detailangaben
Hauptverfasser: Horváth, Ján (Verfasst von), Kajan, Juraj (Verfasst von), Eliaš , Jozef (Verfasst von)
Format: Buch
Sprache:Slowakisch
Veröffentlicht: Bratislava : Alfa, 1976
Ausgabe:4.vyd.
Schriftenreihe:Edícia teoretickej literatúry
Schlagworte:
Tags: Tag hinzufügen
Keine Tags, Fügen Sie das erste Tag hinzu!

MARC

LEADER 00000nam a22000003a 4500
001 stu2152
005 20150617225619.2
008 920720s1976----cs------------------slo-d
040 |a STU  |b slo 
041 0 |a slo 
044 |a cs 
080 |a 517(076) 
100 1 |a Horváth, Ján  |4 aut 
245 1 |a Zbierka úloh z vyššej matematiky. 2. časť 
250 |a 4.vyd. 
260 |a Bratislava :  |b Alfa,  |c 1976 
300 |a 251 s 
650 7 |a Matematika vyššia  |2 stusub 
700 1 |a Kajan, Juraj  |4 aut 
700 1 |a Eliaš , Jozef  |4 aut 
830 0 |a Edícia teoretickej literatúry 
996 |b 284V004043  |c V*11595/O-3170g  |l VVS  |s A  |a 24  |w stu2152_0001 
996 |b 284V004031  |c V*11589/O-3170a  |l VVS  |s A  |a 24  |w stu2152_0002 
996 |b 284V004030  |c V*11590/O-3170b  |l VVS  |s A  |a 24  |w stu2152_0003 
996 |b 284EK00193  |c E*76797  |l EE01  |s A  |a 24  |w stu2152_0004 
996 |b 284J012622  |c J*25024  |l JJSK  |s A  |a 24  |w stu2152_0006 
996 |b 284V004047  |c V*11187/O-2995c  |l VVS  |s A  |a 24  |w stu2152_0007